Ballet Quiz - Statistics

General Stats
  • This quiz has been taken 301 times
  • The average score is 4 of 8
Answer Stats
Question Answer % Correct
What is the traditional Christmas production? The Nutcracker
98%
What is the swan princess's name in Swan Lake? Odette
82%
What were the 3 dolls in The Nutcracker? Harlequinn, Russian, and Ballerina
53%
What year was Cinderella (Fitinhof-Schell) performed? 1893
43%
What is Coppelia's father's name? Copellius
41%
What was NOT a part of The Nutcracker candy scenes? Hungarian
41%
Who played the role of The Sylph in the original La Sylphide? Marie Taglioni
39%
Who does Lise marry in La Fille Mal Gardee? Colas
30%
No matching quizzes found
Score Distribution
Percent of People with Each Score
Percentile by Number Answered
Your Score History
You have not taken this quiz